000 00639nam a2200205Ia 4500
003 GCL
008 140319s9999 xx 000 0 ara d
040 _aGCL /
_cGCL
082 0 4 _aق
_b809.01
_bل ر
100 1 _aانور عبدالعزيز
245 1 0 _aروايات وقصص مصرية من العصر الفرعونى /
_cانور عبدالعزيز
700 1 _aلوفيفر، جوستاف
700 1 _aعلى حافظ
300 _a307 ص
490 _aالالف كتاب
_v0
650 0 4 _aالادب المصرى القديم
650 0 4 _aالادب - مجموعات
650 0 4 _aالقصص - مصر
942 _2ddc
_cBK
999 _c45489
_d45489